000 00540nam a22001697a 4500
003 PILC
005 20160328153506.0
008 160328b xxu||||| |||| 00| 0 eng d
020 _a9781848722217
050 _aRC 467
_b.C586 2015
245 _aClinical psychology /
_cedited by Graham Davey, Nick Lake and Adria Whittington.
260 _aNew York :
_bRoutledge,
_c2015.
300 _a311 pages :
_billustrations ;
_c25 cm.
500 _aincludes bibliographical references and index.
650 _aClinical psychology.
942 _2lcc
_cBK
999 _c292850
_d292850